MARC details
| 000 -LEADER |
| fixed length control field |
01985nam a2200265 a 4500 |
| 008 - FIXED-LENGTH DATA ELEMENTS--GENERAL INFORMATION |
| fixed length control field |
130520s2012 ||||||||||||||||| || u |
| 020 ## - INTERNATIONAL STANDARD BOOK NUMBER |
| International Standard Book Number |
9780702044991 |
| 050 ## - LIBRARY OF CONGRESS CALL NUMBER |
| Classification number |
RC 55 Cli |
| 100 ## - MAIN ENTRY--PERSONAL NAME |
| Personal name |
Kumar, Parveen |
| 245 10 - TITLE STATEMENT |
| Title |
Kumar & clark's clinical medicine. (8th ed.) |
| Statement of responsibility, etc. |
edited by Parveen Kumar and Michael Clark |
| 250 ## - EDITION STATEMENT |
| Edition statement |
8th ed. |
| 260 ## - PUBLICATION, DISTRIBUTION, ETC. |
| Place of publication, distribution, etc. |
Edinburgh |
| Name of publisher, distributor, etc. |
Saunders Elsevier |
| Date of publication, distribution, etc. |
2012 |
| 300 ## - PHYSICAL DESCRIPTION |
| Extent |
xiii, 1286p.: ill. |
| 350 ## - |
| -- |
90.95 |
| 500 ## - GENERAL NOTE |
| General note |
SCHOOL OF MEDICINE |
| 650 ## - SUBJECT ADDED ENTRY--TOPICAL TERM |
| Topical term or geographic name entry element |
CLINICAL MEDICINE |
| 995 ## - |
| -- |
MEDICAL LIBRARY OPEN ACCESS |
| -- |
902569 |
| -- |
CBU-SCHOOL OF MEDICINE LIBRARY (Ndola) |
| -- |
90.95 |
| -- |
RC 55 Cli |
| -- |
4 |
| -- |
OUT |
| -- |
Feb 13, 2015 |
| -- |
902569 |
| -- |
Medical Library Open Access Collection |
| 995 ## - |
| -- |
MEDICAL LIBRARY OPEN ACCESS |
| -- |
902572 |
| -- |
CBU-SCHOOL OF MEDICINE LIBRARY (Ndola) |
| -- |
90.95 |
| -- |
RC 55 Cli |
| -- |
7 |
| -- |
LOST |
| -- |
Dec 13, 2021 |
| -- |
Feb 13, 2015 |
| -- |
902572 |
| -- |
Medical Library Open Access Collection |
| 995 ## - |
| -- |
MEDICAL LIBRARY OPEN ACCESS |
| -- |
90.95 |
| -- |
902568 |
| -- |
CBU-SCHOOL OF MEDICINE LIBRARY (Ndola) |
| -- |
RC 55 Cli |
| -- |
3 |
| -- |
AVAILABLE |
| -- |
Feb 13, 2015 |
| -- |
902568 |
| -- |
Medical Library Open Access Collection |
| 995 ## - |
| -- |
MEDICAL LIBRARY OPEN ACCESS |
| -- |
90.95 |
| -- |
902070 |
| -- |
CBU-SCHOOL OF MEDICINE LIBRARY (Ndola) |
| -- |
RC 55 Cli |
| -- |
1 |
| -- |
AVAILABLE |
| -- |
May 21, 2013 |
| -- |
902070 |
| -- |
Medical Library Open Access Collection |
| 995 ## - |
| -- |
MEDICAL LIBRARY OPEN ACCESS |
| -- |
903890 |
| -- |
CBU-SCHOOL OF MEDICINE LIBRARY (Ndola) |
| -- |
90.95 |
| -- |
RC 55 Cli |
| -- |
8 |
| -- |
AVAILABLE |
| -- |
Apr 28, 2017 |
| -- |
903890 |
| -- |
Medical Library Open Access Collection |
| 995 ## - |
| -- |
MICHAEL CHILUFYA SATA OPEN ACCESS |
| -- |
90.95 |
| -- |
902567 |
| -- |
CBU-SCHOOL OF MEDICINE LIBRARY (Ndola) |
| -- |
RC 55 Cli |
| -- |
2 |
| -- |
AVAILABLE |
| -- |
Feb 13, 2015 |
| -- |
902567 |
| -- |
Medical Library Open Access Collection |
| 995 ## - |
| -- |
MEDICAL LIBRARY OPEN ACCESS |
| -- |
902571 |
| -- |
CBU-SCHOOL OF MEDICINE LIBRARY (Ndola) |
| -- |
90.95 |
| -- |
RC 55 Cli |
| -- |
6 |
| -- |
OUT |
| -- |
Feb 13, 2015 |
| -- |
902571 |
| -- |
Medical Library Open Access Collection |
| 995 ## - |
| -- |
MEDICAL LIBRARY OPEN ACCESS |
| -- |
902570 |
| -- |
CBU-SCHOOL OF MEDICINE LIBRARY (Ndola) |
| -- |
90.95 |
| -- |
RC 55 Cli |
| -- |
5 |
| -- |
OUT |
| -- |
Feb 13, 2015 |
| -- |
902570 |
| -- |
Medical Library Open Access Collection |
| 999 ## - |
| -- |
64324 |
| -- |
64324 |